000 00747nam a22002537a 4500
001 BR7375520
003 BR-BrBNA
005 20230928084426.0
007 ta
008 230509b bl.||||| |||| 00| 0 por d
040 _aBR-BrBNA
_bpor
_cBiblioteca Nacional de Agricultura
041 _a(Por)
072 _aE70; E15; C00
090 _ E70 BR7375520
100 1 _aDias, R. de A.
110 1 _aGrupo Executivo de Coordenacao do Credito Rural, Sao Paulo, SP (Brasil)
_95469
245 1 _aA comercializacao dos produtos agropecuarios
_b1. Curso Nacional de Credito Rural
260 3 _aSao Paulo, SP (Brasil):
_c1962.
300 _a7 p.
650 _aCREDITO RURAL
650 _aCURSO
909 _a202309
_bLucia
_c55
_dLucia Elande
942 _cBK
999 _c18880
_d18880